[Event "Men-Tehran"]
[Site "?"]
[Date "2015.09.17"]
[Round "7.11"]
[White "Maghsoodloo, P."]
[Black "Ghaziolsharif, K."]
[Result "1-0"]
[BlackElo "2186"]
[WhiteElo "2447"]
[LiveChessVersion "1.4.6"]

1. c4 {[%clk 1:29:13]} Nf6 {[%clk 1:30:49]} 2. Nc3 {[%clk 1:29:38]} g6
{[%clk 1:31:10]} 3. g3 {[%clk 1:29:40]} Bg7 {[%clk 1:31:32]} 4. Bg2
{[%clk 1:30:05]} O-O {[%clk 1:31:50]} 5. e3 {[%clk 1:30:21]} d6 {[%clk 1:27:23]}
6. Nge2 {[%clk 1:30:22]} e5 {[%clk 1:25:22]} 7. O-O {[%clk 1:30:45]} Re8
{[%clk 1:25:45]} 8. d3 {[%clk 1:31:10]} c6 {[%clk 1:25:16]} 9. Qb3
{[%clk 1:24:38]} Nbd7 {[%clk 1:22:44]} 10. Rb1 {[%clk 1:24:04]} Nf8
{[%clk 1:16:15]} 11. e4 {[%clk 1:12:51]} Rb8 {[%clk 1:05:18]} 12. Be3
{[%clk 1:10:46]} b6 {[%clk 1:05:08]} 13. h3 {[%clk 1:10:47]} h5 {[%clk 1:03:06]}
14. d4 {[%clk 1:07:55]} Qc7 {[%clk 0:56:05]} 15. Qc2 {[%clk 1:06:08]} a6
{[%clk 0:34:44]} 16. Rbc1 {[%clk 1:01:11]} exd4 {[%clk 0:27:14]} 17. Nxd4
{[%clk 0:59:57]} Bb7 {[%clk 0:26:30]} 18. b4 {[%clk 0:57:45]} c5 {[%clk 0:18:04]}
19. bxc5 {[%clk 0:57:29]} bxc5 {[%clk 0:18:31]} 20. Nb3 {[%clk 0:46:17]} N8d7
{[%clk 0:17:50]} 21. Rfd1 {[%clk 0:45:05]} Ne5 {[%clk 0:15:58]} 22. Nd5
{[%clk 0:44:01]} Nxd5 {[%clk 0:09:01]} 23. cxd5 {[%clk 0:43:53]} Qd8
{[%clk 0:08:44]} 24. Qd2 {[%clk 0:42:36]} Ba8 {[%clk 0:04:21]} 25. Qa5
{[%clk 0:38:34]} Qxa5 {[%clk 0:02:22]} 26. Nxa5 {[%clk 0:39:03]} Rb5
{[%clk 0:02:31]} 27. Nc4 {[%clk 0:38:07]} Nxc4 {[%clk 0:01:25]} 28. Rxc4
{[%clk 0:38:35]} Rb2 {[%clk 0:01:03]} 29. Ra4 {[%clk 0:38:32]} Bb7
{[%clk 0:01:32]} 30. Rc1 {[%clk 0:34:19]} Rc8 {[%clk 0:00:41]} 31. Bf1
{[%clk 0:33:23]} Rb4 {[%clk 0:00:39]} 32. Rxb4 {[%clk 0:32:28]} cxb4
{[%clk 0:01:07]} 33. Rxc8+ {[%clk 0:32:57]} Bxc8 {[%clk 0:01:36]} 34. Bb6
{[%clk 0:33:26]} f5 {[%clk 0:00:52]} 35. exf5 {[%clk 0:31:54]} Bxf5
{[%clk 0:01:16]} 36. Bxa6 {[%clk 0:32:13]} Bxh3 {[%clk 0:00:40]} 37. Ba5
{[%clk 0:31:30]} Bc3 {[%clk 0:00:33]} 38. a3 {[%clk 0:31:45]} Kf7
{[%clk 0:00:39]} 39. Bxb4 {[%clk 0:32:04]} Bxb4 {[%clk 0:00:51]} 40. axb4
{[%clk 0:32:33]} Bf5 {[%clk 0:01:12]} 41. f4 {[%clk 0:32:32]} g5 {[%clk 0:00:36]}
42. fxg5 {[%clk 0:30:45]} Kg6 {[%clk 0:01:05]} 43. Kf2 {[%clk 0:31:06]} Kxg5
{[%clk 0:01:19]} 44. Ke3 {[%clk 0:31:30]} Bh3 {[%clk 0:01:31]} 45. Bb7
{[%clk 0:31:05]} Bf1 {[%clk 0:00:46]} 46. Bc6 {[%clk 0:31:30]} Kf6
{[%clk 0:00:49]} 47. b5 {[%clk 0:31:55]} Ke7 {[%clk 0:01:07]} 48. b6
{[%clk 0:31:58]} Kd8 {[%clk 0:01:18]} 49. Kf4 {[%clk 0:32:22]} Be2
{[%clk 0:01:21]} 50. Kf5 {[%clk 0:32:42]} Bg4+ {[%clk 0:01:17]} 51. Kf6
{[%clk 0:33:11]} Bh3 {[%clk 0:01:05]} 52. b7 {[%clk 0:33:31]} Kc7
{[%clk 0:01:29]} 53. Ke7 {[%clk 0:33:55]} Bg4 {[%clk 0:00:35]} 54. Bd7
{[%clk 0:34:15]} Bf3 {[%clk 0:00:40]} 55. b8=Q+ {[%clk 0:34:34]} Kxb8
{[%clk 0:01:09]} 56. Kxd6 {[%clk 0:34:52]} Kb7 {[%clk 0:01:32]} 57. Be6
{[%clk 0:35:16]} Kb6 {[%clk 0:01:20]} 58. Ke7 {[%clk 0:35:37]} Kc5
{[%clk 0:00:35]} 59. d6 {[%clk 0:36:00]} Bc6 {[%clk 0:00:37]} 60. Bf7
{[%clk 0:36:24]} 1-0

[Event "Men-Tehran"]
[Site "?"]
[Date "2015.09.17"]
[Round "7.12"]
[White "Sakhayi, M."]
[Black "Roghani, A."]
[Result "1-0"]
[BlackElo "2339"]
[WhiteElo "2184"]
[LiveChessVersion "1.4.6"]

1. d4 {[%clk 1:30:37]} Nf6 {[%clk 1:29:56]} 2. c4 {[%clk 1:29:47]} e6
{[%clk 1:30:24]} 3. Nc3 {[%clk 1:29:48]} d5 {[%clk 1:30:19]} 4. Bg5
{[%clk 1:28:29]} Be7 {[%clk 1:30:38]} 5. e3 {[%clk 1:28:52]} O-O {[%clk 1:31:03]}
6. Rc1 {[%clk 1:28:57]} Nbd7 {[%clk 1:30:56]} 7. Nf3 {[%clk 1:27:17]} a6
{[%clk 1:31:21]} 8. cxd5 {[%clk 1:25:15]} exd5 {[%clk 1:31:47]} 9. Bd3
{[%clk 1:25:26]} c6 {[%clk 1:32:00]} 10. O-O {[%clk 1:21:26]} Re8
{[%clk 1:32:17]} 11. Qc2 {[%clk 1:19:22]} Nf8 {[%clk 1:32:40]} 12. h3
{[%clk 1:16:04]} Be6 {[%clk 1:26:09]} 13. Bxf6 {[%clk 1:08:47]} Bxf6
{[%clk 1:26:36]} 14. Na4 {[%clk 1:09:06]} Be7 {[%clk 1:22:42]} 15. Nc5
{[%clk 0:57:13]} Bc8 {[%clk 1:22:56]} 16. Rfe1 {[%clk 0:45:07]} g6
{[%clk 1:19:13]} 17. e4 {[%clk 0:40:55]} dxe4 {[%clk 1:19:25]} 18. Bxe4
{[%clk 0:39:24]} Ne6 {[%clk 1:18:53]} 19. Nxe6 {[%clk 0:38:00]} Bxe6
{[%clk 1:16:28]} 20. Bxg6 {[%clk 0:38:07]} hxg6 {[%clk 1:12:56]} 21. Rxe6
{[%clk 0:38:27]} Bf6 {[%clk 1:07:22]} 22. Rxe8+ {[%clk 0:35:16]} Qxe8
{[%clk 1:07:50]} 23. Qb3 {[%clk 0:33:22]} Qd7 {[%clk 1:07:43]} 24. Ne5
{[%clk 0:32:06]} Qc7 {[%clk 0:52:22]} 25. Nxg6 {[%clk 0:31:41]} Bxd4
{[%clk 0:52:13]} 26. Re1 {[%clk 0:30:37]} Bf6 {[%clk 0:50:18]} 27. Qf3
{[%clk 0:25:40]} Qd6 {[%clk 0:46:50]} 28. Rd1 {[%clk 0:21:21]} Qe6
{[%clk 0:47:18]} 29. Nf4 {[%clk 0:21:40]} Qxa2 {[%clk 0:43:22]} 30. b3
{[%clk 0:21:53]} Rd8 {[%clk 0:41:01]} 31. Rxd8+ {[%clk 0:18:41]} Bxd8
{[%clk 0:41:04]} 32. Qg4+ {[%clk 0:15:47]} Kf8 {[%clk 0:41:16]} 33. Qd7
{[%clk 0:14:26]} Qa1+ {[%clk 0:41:37]} 34. Kh2 {[%clk 0:14:51]} Qf6
{[%clk 0:42:03]} 35. g3 {[%clk 0:15:11]} Qe7 {[%clk 0:35:58]} 36. Qf5
{[%clk 0:14:45]} Qd6 {[%clk 0:33:53]} 37. h4 {[%clk 0:14:36]} a5 {[%clk 0:34:09]}
38. h5 {[%clk 0:14:38]} b5 {[%clk 0:34:23]} 39. Ng6+ {[%clk 0:14:29]} Kg7
{[%clk 0:28:12]} 40. Ne5 {[%clk 0:12:35]} Qf6 {[%clk 0:27:45]} 41. Qg4+
{[%clk 0:11:49]} Kh8 {[%clk 0:26:59]} 42. f4 {[%clk 0:11:52]} a4 {[%clk 0:25:00]}
43. bxa4 {[%clk 0:12:16]} bxa4 {[%clk 0:25:29]} 44. Qd7 {[%clk 0:11:07]} Kg7
{[%clk 0:18:12]} 45. Qa7 {[%clk 0:07:29]} Qf5 {[%clk 0:10:54]} 46. h6+
{[%clk 0:07:32]} Kxh6 {[%clk 0:10:30]} 47. Nxf7+ {[%clk 0:07:55]} Kh5
{[%clk 0:10:57]} 48. Ne5 {[%clk 0:08:06]} Kh6 {[%clk 0:07:17]} 49. Qxa4
{[%clk 0:08:25]} Bf6 {[%clk 0:06:50]} 50. g4 {[%clk 0:05:12]} Qh7
{[%clk 0:03:31]} 51. Qxc6 {[%clk 0:05:25]} Kg7+ {[%clk 0:03:58]} 52. Kg2
{[%clk 0:05:44]} Qh4 {[%clk 0:03:07]} 53. Qd7+ {[%clk 0:06:04]} Kh6
{[%clk 0:03:12]} 54. Nf3 {[%clk 0:06:23]} 1-0

[Event "Men-Tehran"]
[Site "?"]
[Date "2015.09.17"]
[Round "7.13"]
[White "Ardeshi, M."]
[Black "Tabatabaei, M."]
[Result "1/2-1/2"]
[BlackElo "2488"]
[WhiteElo "2307"]
[LiveChessVersion "1.4.6"]

1. e4 {[%clk 1:30:51]} e5 {[%clk 1:26:36]} 2. Nf3 {[%clk 1:30:59]} Nc6
{[%clk 1:27:00]} 3. Bb5 {[%clk 1:28:20]} Nf6 {[%clk 1:27:21]} 4. d3
{[%clk 1:28:20]} Bc5 {[%clk 1:27:43]} 5. c3 {[%clk 1:26:54]} O-O {[%clk 1:28:04]}
6. O-O {[%clk 1:27:10]} Re8 {[%clk 1:28:29]} 7. Nbd2 {[%clk 1:24:49]} a6
{[%clk 1:28:28]} 8. Ba4 {[%clk 1:25:03]} b5 {[%clk 1:28:35]} 9. Bb3
{[%clk 1:21:08]} d6 {[%clk 1:28:50]} 10. a4 {[%clk 1:20:58]} Bb7 {[%clk 1:23:09]}
11. Re1 {[%clk 1:15:47]} Bb6 {[%clk 1:20:02]} 12. Nf1 {[%clk 1:12:47]} Ne7
{[%clk 1:17:53]} 13. Nh4 {[%clk 1:01:51]} Ng6 {[%clk 1:08:39]} 14. Nf5
{[%clk 1:01:03]} d5 {[%clk 1:06:49]} 15. Qf3 {[%clk 0:58:52]} c5 {[%clk 1:03:21]}
16. N1g3 {[%clk 0:48:48]} c4 {[%clk 0:46:09]} 17. Bc2 {[%clk 0:24:53]} cxd3
{[%clk 0:40:19]} 18. Bxd3 {[%clk 0:25:07]} dxe4 {[%clk 0:18:32]} 19. Nxe4
{[%clk 0:25:11]} Nxe4 {[%clk 0:18:03]} 20. Bxe4 {[%clk 0:25:28]} Bxe4
{[%clk 0:18:26]} 21. Qxe4 {[%clk 0:24:23]} Rb8 {[%clk 0:17:47]} 22. axb5
{[%clk 0:23:28]} axb5 {[%clk 0:18:00]} 23. Be3 {[%clk 0:21:24]} Bxe3
{[%clk 0:17:31]} 24. Rxe3 {[%clk 0:21:33]} Qd2 {[%clk 0:16:46]} 25. Re2
{[%clk 0:06:23]} Qd7 {[%clk 0:16:50]} 26. g3 {[%clk 0:06:07]} Ne7
{[%clk 0:11:45]} 27. Ne3 {[%clk 0:05:15]} Qe6 {[%clk 0:10:54]} 28. Rd1
{[%clk 0:04:01]} f5 {[%clk 0:11:02]} 29. Qb4 {[%clk 0:03:59]} f4 {[%clk 0:03:56]}
30. gxf4 {[%clk 0:03:46]} exf4 {[%clk 0:04:20]} 31. Qxf4 {[%clk 0:04:11]} Ng6
{[%clk 0:04:46]} 32. Qg3 {[%clk 0:03:39]} Rbd8 {[%clk 0:01:27]} 33. Rxd8
{[%clk 0:03:05]} Rxd8 34. Qg5 {[%clk 0:02:32]} Re8 {[%clk 0:01:41]} 35. Rd2
{[%clk 0:02:41]} Ne5 {[%clk 0:01:35]} 36. Qg2 {[%clk 0:02:26]} Qf7
{[%clk 0:01:18]} 37. Kh1 {[%clk 0:02:22]} Nf3 {[%clk 0:01:20]} 38. Rd1
{[%clk 0:02:18]} h6 {[%clk 0:01:29]} 39. Qg4 {[%clk 0:02:12]} Ng5
{[%clk 0:00:51]} 40. Qf5 {[%clk 0:02:16]} Qxf5 {[%clk 0:00:39]} 41. Nxf5
{[%clk 0:02:44]} Re2 {[%clk 0:01:00]} 42. Kg2 {[%clk 0:01:48]} Rxb2
{[%clk 0:01:24]} 43. Rd7 {[%clk 0:02:04]} Ne4 {[%clk 0:01:15]} 44. Kf3
{[%clk 0:01:42]} Nxc3 {[%clk 0:01:16]} 45. Rxg7+ {[%clk 0:02:06]} Kf8
{[%clk 0:01:38]} 46. Rb7 {[%clk 0:02:21]} h5 {[%clk 0:00:54]} 47. h4
{[%clk 0:02:23]} b4 {[%clk 0:00:38]} 48. Nd4 {[%clk 0:01:56]} Nd1
{[%clk 0:00:38]} 49. Ke4 {[%clk 0:01:51]} Nxf2+ {[%clk 0:00:46]} 50. Kf5
{[%clk 0:02:12]} Nd3 {[%clk 0:00:43]} 51. Kg6 {[%clk 0:02:20]} Rg2+
{[%clk 0:00:37]} 52. Kxh5 {[%clk 0:01:59]} Nf4+ {[%clk 0:00:43]} 53. Kh6
{[%clk 0:02:27]} Rg6+ {[%clk 0:00:50]} 54. Kh7 {[%clk 0:02:49]} Rg4
{[%clk 0:01:11]} 55. Nf5 {[%clk 0:02:58]} Rg1 {[%clk 0:00:42]} 56. Rxb4
{[%clk 0:03:09]} Nd5 {[%clk 0:01:01]} 57. Rb8+ Kf7 58. Nh6+ {[%clk 0:03:20]} Ke6
{[%clk 0:01:27]} 59. Re8+ {[%clk 0:02:54]} Kd7 {[%clk 0:01:53]} 60. Rf8 Ke7 61.
Rf7+ Ke6 62. Rg7 Nf6+ 63. Kh8 Rh1 64. Rg6 Ke5 1/2-1/2

[Event "Men-Tehran"]
[Site "?"]
[Date "2015.09.17"]
[Round "7.14"]
[White "Lorparizangeneh, S."]
[Black "Sharbaf, M."]
[Result "1-0"]
[BlackElo "2354"]
[WhiteElo "2426"]
[LiveChessVersion "1.4.6"]

1. d4 {[%clk 1:27:04]} e6 {[%clk 1:30:33]} 2. c4 {[%clk 1:27:25]} Nf6
{[%clk 1:30:31]} 3. g3 {[%clk 1:27:37]} Be7 {[%clk 1:29:47]} 4. Bg2
{[%clk 1:27:28]} O-O {[%clk 1:30:11]} 5. Nf3 {[%clk 1:27:54]} b6 {[%clk 1:30:37]}
6. Ne5 {[%clk 1:27:22]} c6 {[%clk 1:31:01]} 7. O-O {[%clk 1:27:40]} Qc7
{[%clk 1:31:07]} 8. Nc3 {[%clk 1:26:58]} d6 {[%clk 1:31:26]} 9. Nd3
{[%clk 1:26:39]} Nbd7 {[%clk 1:31:35]} 10. e4 {[%clk 1:25:59]} e5
{[%clk 1:28:09]} 11. Be3 {[%clk 1:23:16]} Re8 {[%clk 1:24:39]} 12. Rc1
{[%clk 1:20:26]} Nf8 {[%clk 1:22:21]} 13. h3 {[%clk 1:19:48]} N6d7
{[%clk 1:13:16]} 14. f4 {[%clk 1:15:17]} exd4 {[%clk 1:11:30]} 15. Bxd4
{[%clk 1:15:40]} Bf6 {[%clk 1:11:51]} 16. Nf2 {[%clk 1:12:45]} Bxd4
{[%clk 1:11:45]} 17. Qxd4 {[%clk 1:13:13]} Ne6 {[%clk 1:11:13]} 18. Qd2
{[%clk 1:13:31]} Ba6 {[%clk 1:11:25]} 19. Rfd1 {[%clk 1:06:10]} Rad8
{[%clk 1:05:28]} 20. Qxd6 {[%clk 0:56:20]} Qc8 {[%clk 1:01:27]} 21. e5
{[%clk 0:49:12]} Bb7 {[%clk 0:58:49]} 22. Qa3 {[%clk 0:48:19]} f5
{[%clk 0:56:38]} 23. Rd6 {[%clk 0:39:46]} g5 {[%clk 0:53:54]} 24. Ne2
{[%clk 0:36:41]} gxf4 {[%clk 0:46:02]} 25. gxf4 {[%clk 0:36:43]} Ndf8
{[%clk 0:46:15]} 26. Rcd1 {[%clk 0:26:09]} Rxd6 {[%clk 0:45:52]} 27. exd6
{[%clk 0:24:10]} c5 {[%clk 0:43:45]} 28. Qg3+ {[%clk 0:20:06]} Ng7
{[%clk 0:43:20]} 29. Nc3 {[%clk 0:20:00]} Bxg2 {[%clk 0:43:28]} 30. Qxg2
{[%clk 0:19:04]} Qd7 {[%clk 0:43:24]} 31. Qd5+ {[%clk 0:10:21]} Re6
{[%clk 0:43:29]} 32. Nb5 {[%clk 0:05:06]} Nh5 {[%clk 0:39:42]} 33. Kh2
{[%clk 0:04:04]} a6 {[%clk 0:32:24]} 34. Nc7 {[%clk 0:01:32]} Nxf4
{[%clk 0:32:36]} 35. Qd2 {[%clk 0:00:59]} N8g6 {[%clk 0:28:12]} 36. Nxe6
{[%clk 0:01:21]} Nxe6 {[%clk 0:27:04]} 37. Qd5 {[%clk 0:01:39]} Qf7
{[%clk 0:23:26]} 38. d7 {[%clk 0:01:30]} Nd8 {[%clk 0:23:52]} 39. Re1
{[%clk 0:01:21]} Kg7 {[%clk 0:22:36]} 40. Qxf7+ {[%clk 0:01:42]} 1-0

[Event "Men-Tehran"]
[Site "?"]
[Date "2015.09.17"]
[Round "7.15"]
[White "Asgharzadeh, M."]
[Black "Bagheri, M."]
[Result "0-1"]
[BlackElo "2252"]
[WhiteElo "2296"]
[LiveChessVersion "1.4.6"]

1. d4 {[%clk 1:30:59]} d5 {[%clk 1:26:23]} 2. c4 {[%clk 1:31:12]} e6
{[%clk 1:26:34]} 3. Nc3 {[%clk 1:31:35]} Nf6 {[%clk 1:26:24]} 4. Bg5
{[%clk 1:32:00]} Be7 {[%clk 1:26:49]} 5. e3 {[%clk 1:32:26]} h6 {[%clk 1:26:33]}
6. Bxf6 {[%clk 1:30:05]} Bxf6 {[%clk 1:26:55]} 7. cxd5 {[%clk 1:30:25]} exd5
{[%clk 1:27:15]} 8. Bd3 {[%clk 1:30:46]} O-O {[%clk 1:25:16]} 9. Nge2
{[%clk 1:30:23]} Re8 {[%clk 1:23:00]} 10. O-O {[%clk 1:30:23]} a5
{[%clk 1:16:10]} 11. a3 {[%clk 1:27:51]} c6 {[%clk 1:15:35]} 12. Qd2
{[%clk 1:17:39]} Be7 {[%clk 1:13:30]} 13. Rfc1 {[%clk 1:15:50]} Bd6
{[%clk 1:12:23]} 14. Na4 {[%clk 1:15:10]} Nd7 {[%clk 1:09:34]} 15. b4
{[%clk 1:09:57]} Nf6 {[%clk 1:01:22]} 16. b5 {[%clk 1:00:10]} cxb5
{[%clk 0:50:31]} 17. Bxb5 {[%clk 0:57:55]} Ne4 {[%clk 0:48:39]} 18. Qe1
{[%clk 0:58:13]} Re6 {[%clk 0:48:33]} 19. Ng3 {[%clk 0:53:20]} h5
{[%clk 0:38:48]} 20. Nc3 {[%clk 0:41:42]} Nxg3 {[%clk 0:33:19]} 21. hxg3
{[%clk 0:42:02]} h4 {[%clk 0:32:34]} 22. gxh4 {[%clk 0:41:06]} Qxh4
{[%clk 0:31:09]} 23. f4 {[%clk 0:41:11]} Qh7 {[%clk 0:31:07]} 24. Qg3
{[%clk 0:32:39]} Rg6 {[%clk 0:20:55]} 25. Qf3 {[%clk 0:32:37]} Qh4
{[%clk 0:19:58]} 26. Qf2 {[%clk 0:18:42]} Qh5 {[%clk 0:19:31]} 27. Be2
{[%clk 0:18:59]} Bg4 {[%clk 0:17:25]} 28. Bxg4 {[%clk 0:17:56]} Qxg4
{[%clk 0:16:27]} 29. Nxd5 {[%clk 0:17:12]} Re8 {[%clk 0:15:21]} 30. Re1
{[%clk 0:10:08]} Rh6 {[%clk 0:09:06]} 31. e4 {[%clk 0:07:26]} Rc8
{[%clk 0:09:11]} 32. Re3 {[%clk 0:06:32]} Bf8 {[%clk 0:07:03]} 33. e5
{[%clk 0:03:28]} Qd7 {[%clk 0:06:41]} 34. Rc3 {[%clk 0:02:09]} Rd8
{[%clk 0:06:23]} 35. Ne3 {[%clk 0:02:22]} Qxd4 {[%clk 0:06:31]} 36. Rac1
{[%clk 0:02:04]} Rc6 {[%clk 0:03:41]} 37. Rxc6 {[%clk 0:00:55]} bxc6
{[%clk 0:04:10]} 38. Nc4 {[%clk 0:00:32]} Qd5 {[%clk 0:03:31]} 39. Nb6
{[%clk 0:00:40]} Qb3 {[%clk 0:03:36]} 40. Rxc6 {[%clk 0:00:33]} Qb1+
{[%clk 0:03:25]} 41. Kh2 {[%clk 0:00:42]} Qh7+ {[%clk 0:03:53]} 42. Kg3
{[%clk 0:01:05]} Rd3+ {[%clk 0:03:02]} 43. Kg4 {[%clk 0:01:29]} Qe4
{[%clk 0:03:03]} 44. Qc2 {[%clk 0:00:51]} Qe3 {[%clk 0:01:42]} 45. Nc4
{[%clk 0:00:35]} Qg3+ {[%clk 0:01:55]} 46. Kf5 {[%clk 0:00:43]} Rd4
{[%clk 0:00:49]} 0-1

[Event "Men-Tehran"]
[Site "?"]
[Date "2015.09.17"]
[Round "7.16"]
[White "Dalir, A."]
[Black "Khamisi, S."]
[Result "0-1"]
[BlackElo "2178"]
[WhiteElo "2297"]
[LiveChessVersion "1.4.6"]

1. Nf3 {[%clk 1:25:20]} d5 {[%clk 1:30:07]} 2. d4 {[%clk 1:24:49]} Nf6
{[%clk 1:29:56]} 3. c4 {[%clk 1:24:07]} c6 {[%clk 1:29:28]} 4. Nc3
{[%clk 1:24:18]} e6 {[%clk 1:28:55]} 5. cxd5 {[%clk 1:23:16]} exd5
{[%clk 1:27:57]} 6. Bg5 {[%clk 1:23:07]} Be7 {[%clk 1:27:23]} 7. Qc2
{[%clk 1:23:27]} g6 {[%clk 1:24:29]} 8. e3 {[%clk 1:22:23]} Bf5 {[%clk 1:20:57]}
9. Bd3 {[%clk 1:22:21]} Bxd3 {[%clk 1:21:12]} 10. Qxd3 {[%clk 1:22:50]} O-O
{[%clk 1:20:43]} 11. O-O {[%clk 1:22:58]} Nbd7 {[%clk 1:20:02]} 12. Rab1
{[%clk 1:21:36]} Re8 {[%clk 1:18:02]} 13. Bxf6 {[%clk 1:18:32]} Bxf6
{[%clk 1:06:55]} 14. b4 {[%clk 1:18:35]} a6 {[%clk 1:03:50]} 15. a4
{[%clk 1:16:12]} b5 {[%clk 0:45:38]} 16. a5 {[%clk 1:08:15]} Be7 {[%clk 0:38:38]}
17. e4 {[%clk 1:07:37]} dxe4 {[%clk 0:38:35]} 18. Nxe4 {[%clk 1:06:43]} Nf6
{[%clk 0:37:17]} 19. Ne5 {[%clk 1:05:54]} Qd5 {[%clk 0:31:19]} 20. Nc3
{[%clk 1:04:58]} Qd6 {[%clk 0:28:22]} 21. Qf3 {[%clk 1:03:51]} Rac8
{[%clk 0:23:30]} 22. Rfd1 {[%clk 1:01:45]} Kg7 {[%clk 0:22:25]} 23. h3
{[%clk 0:58:15]} Red8 {[%clk 0:19:17]} 24. Rbc1 {[%clk 0:58:15]} Rf8
{[%clk 0:10:58]} 25. Re1 {[%clk 0:54:56]} Rfe8 {[%clk 0:07:48]} 26. Ne4
{[%clk 0:45:03]} Qxd4 {[%clk 0:01:13]} 27. Nxc6 {[%clk 0:41:26]} Qd7
{[%clk 0:01:29]} 28. Nxe7 {[%clk 0:37:50]} Qxe7 {[%clk 0:01:43]} 29. Nc5
{[%clk 0:38:18]} Qd6 {[%clk 0:00:47]} 30. Qb7 {[%clk 0:36:36]} Qd2
{[%clk 0:00:47]} 31. Rf1 {[%clk 0:35:02]} Qxb4 {[%clk 0:00:39]} 32. Ne6+
{[%clk 0:34:04]} Rxe6 {[%clk 0:01:02]} 33. Rxc8 {[%clk 0:34:25]} Re1
{[%clk 0:00:56]} 34. g3 {[%clk 0:33:14]} Qxa5 {[%clk 0:00:58]} 35. Ra8
{[%clk 0:30:19]} Rxf1+ {[%clk 0:01:07]} 36. Kxf1 {[%clk 0:30:46]} Qa4
{[%clk 0:01:11]} 37. Rxa6 {[%clk 0:30:40]} Qc4+ {[%clk 0:00:51]} 38. Kg2
{[%clk 0:30:56]} Nd5 {[%clk 0:00:49]} 39. Ra3 {[%clk 0:30:05]} Qe4+
{[%clk 0:00:54]} 40. Kh2 {[%clk 0:29:39]} b4 {[%clk 0:01:04]} 41. Ra5
{[%clk 0:27:25]} Nc3 {[%clk 0:01:19]} 42. Qxe4 {[%clk 0:26:06]} Nxe4
{[%clk 0:01:42]} 43. Kg2 {[%clk 0:26:35]} Nc3 {[%clk 0:00:53]} 44. Ra6
{[%clk 0:26:27]} Kf8 {[%clk 0:00:44]} 45. Rb6 {[%clk 0:26:49]} Nd5
{[%clk 0:00:59]} 46. Rb5 {[%clk 0:27:16]} Nf6 {[%clk 0:01:23]} 47. Rxb4
{[%clk 0:27:42]} Kg7 {[%clk 0:01:34]} 48. f4 {[%clk 0:27:43]} h5 {[%clk 0:01:51]}
49. Kf3 {[%clk 0:27:35]} Nd5 {[%clk 0:01:56]} 50. Ra4 {[%clk 0:27:30]} Nf6
{[%clk 0:01:49]} 51. Ke3 {[%clk 0:27:30]} Ng8 {[%clk 0:01:34]} 52. Ra7
{[%clk 0:27:41]} Kf6 {[%clk 0:01:45]} 53. Ke4 {[%clk 0:26:14]} Nh6
{[%clk 0:01:33]} 54. Ra5 {[%clk 0:26:08]} Kg7 {[%clk 0:00:50]} 55. Rb5
{[%clk 0:20:51]} Kf6 {[%clk 0:01:08]} 56. Re5 {[%clk 0:21:00]} Kg7
{[%clk 0:01:12]} 57. Kd5 {[%clk 0:20:55]} Kf6 {[%clk 0:01:24]} 58. Ke4
{[%clk 0:19:38]} Kg7 {[%clk 0:01:43]} 59. Kf3 {[%clk 0:19:17]} Nf5
{[%clk 0:01:27]} 60. g4 {[%clk 0:16:35]} hxg4+ {[%clk 0:01:51]} 61. hxg4
{[%clk 0:17:03]} Nd4+ {[%clk 0:01:14]} 62. Ke4 {[%clk 0:15:40]} Ne6
{[%clk 0:01:20]} 63. Rb5 {[%clk 0:15:33]} Nf8 {[%clk 0:01:09]} 64. Rb6
{[%clk 0:15:24]} Nd7 {[%clk 0:01:25]} 65. Ra6 {[%clk 0:15:27]} Nc5+
{[%clk 0:01:49]} 0-1

[Event "Men-Tehran"]
[Site "?"]
[Date "2015.09.17"]
[Round "7.17"]
[White "Fendereski, N."]
[Black "Khademi, M."]
[Result "0-1"]
[BlackElo "2235"]
[WhiteElo "2242"]
[LiveChessVersion "1.4.6"]

1. e4 e5 {[%clk 1:27:16]} 2. Nf3 {[%clk 1:31:12]} Nc6 {[%clk 1:27:40]} 3. Bb5
{[%clk 1:31:11]} a6 {[%clk 1:27:53]} 4. Ba4 {[%clk 1:31:33]} d6 {[%clk 1:28:17]}
5. c3 {[%clk 1:30:38]} f5 {[%clk 1:28:40]} 6. exf5 {[%clk 1:12:20]} Bxf5
{[%clk 1:26:15]} 7. d4 {[%clk 1:06:08]} e4 {[%clk 1:26:28]} 8. d5
{[%clk 0:56:28]} exf3 {[%clk 1:25:55]} 9. dxc6 {[%clk 0:56:48]} b5
{[%clk 1:26:14]} 10. Bc2 {[%clk 0:53:11]} fxg2 {[%clk 1:23:19]} 11. Rg1
{[%clk 0:53:31]} Qe7+ {[%clk 1:23:30]} 12. Be3 {[%clk 0:53:49]} Be4
{[%clk 1:23:25]} 13. Bxe4 {[%clk 0:48:03]} Qxe4 {[%clk 1:16:49]} 14. Nd2
{[%clk 0:48:24]} Qxc6 {[%clk 1:17:07]} 15. Qh5+ {[%clk 0:41:20]} g6
{[%clk 1:16:09]} 16. Qh3 {[%clk 0:41:38]} Bg7 {[%clk 1:14:54]} 17. O-O-O
{[%clk 0:39:13]} Ne7 {[%clk 1:14:53]} 18. Bg5 {[%clk 0:35:41]} Nf5
{[%clk 1:14:35]} 19. Rde1+ {[%clk 0:31:34]} Kf7 {[%clk 1:12:03]} 20. Nf3
{[%clk 0:26:23]} Rhe8 {[%clk 1:10:44]} 21. Bd2 {[%clk 0:26:23]} Kg8
{[%clk 1:11:04]} 22. Ng5 {[%clk 0:20:42]} Rxe1+ {[%clk 1:06:59]} 23. Rxe1
{[%clk 0:19:03]} h6 {[%clk 1:07:22]} 24. Nf3 {[%clk 0:17:54]} b4 {[%clk 1:05:03]}
25. Kc2 {[%clk 0:08:47]} bxc3 {[%clk 0:59:10]} 26. Bxc3 {[%clk 0:08:44]} Bxc3
{[%clk 0:59:33]} 27. bxc3 {[%clk 0:09:09]} Rf8 {[%clk 0:59:52]} 0-1

[Event "Men-Tehran"]
[Site "?"]
[Date "2015.09.17"]
[Round "7.18"]
[White "Noroozi, O."]
[Black "Tahbaz, A."]
[Result "1-0"]
[BlackElo "2342"]
[WhiteElo "2375"]
[LiveChessVersion "1.4.6"]

1. c4 {[%clk 1:30:52]} Nf6 {[%clk 1:30:14]} 2. Nc3 {[%clk 1:31:15]} g6
{[%clk 1:30:03]} 3. e4 {[%clk 1:31:39]} d6 {[%clk 1:30:16]} 4. d4
{[%clk 1:32:04]} Bg7 {[%clk 1:30:37]} 5. Be2 {[%clk 1:32:28]} O-O
{[%clk 1:30:55]} 6. Bg5 {[%clk 1:32:52]} c5 {[%clk 1:30:36]} 7. dxc5
{[%clk 1:33:17]} Qa5 {[%clk 1:30:02]} 8. Bd2 {[%clk 1:33:45]} Qxc5
{[%clk 1:30:14]} 9. Nf3 {[%clk 1:34:11]} Bg4 {[%clk 1:24:29]} 10. Be3
{[%clk 1:31:29]} Qa5 {[%clk 1:21:48]} 11. O-O {[%clk 1:31:52]} Nc6
{[%clk 1:21:02]} 12. h3 {[%clk 1:32:18]} Bxf3 {[%clk 1:11:38]} 13. Bxf3
{[%clk 1:32:46]} Rfc8 {[%clk 1:07:55]} 14. Be2 {[%clk 1:32:55]} Nd7
{[%clk 1:03:06]} 15. Bd2 {[%clk 1:27:45]} Qd8 {[%clk 0:59:55]} 16. Rc1
{[%clk 1:25:38]} Nc5 {[%clk 0:59:22]} 17. Qc2 {[%clk 1:15:59]} a5
{[%clk 0:51:42]} 18. Qb1 {[%clk 1:14:23]} Nd4 {[%clk 0:38:28]} 19. Rfd1
{[%clk 1:13:15]} Nxe2+ {[%clk 0:37:32]} 20. Nxe2 {[%clk 1:07:36]} Qe8
{[%clk 0:37:34]} 21. Nf4 {[%clk 0:58:02]} b5 {[%clk 0:35:09]} 22. Nd5
{[%clk 0:51:17]} bxc4 {[%clk 0:35:21]} 23. Rxc4 {[%clk 0:49:05]} Rab8
{[%clk 0:34:41]} 24. b3 {[%clk 0:49:15]} e6 {[%clk 0:32:12]} 25. Ne3
{[%clk 0:48:58]} Qb5 {[%clk 0:31:00]} 26. Qc2 {[%clk 0:49:15]} f5
{[%clk 0:27:40]} 27. Bc3 {[%clk 0:41:21]} f4 {[%clk 0:17:13]} 28. Ng4
{[%clk 0:39:02]} Nxb3 {[%clk 0:16:33]} 29. axb3 {[%clk 0:33:46]} Rxc4
{[%clk 0:16:54]} 30. bxc4 {[%clk 0:34:12]} Qxc4 {[%clk 0:17:16]} 31. e5
{[%clk 0:34:21]} Rc8 {[%clk 0:15:52]} 32. Rxd6 {[%clk 0:34:22]} Bf8
{[%clk 0:15:15]} 33. Nf6+ {[%clk 0:33:23]} Kf7 {[%clk 0:15:35]} 34. Rd7+
{[%clk 0:31:36]} Be7 {[%clk 0:16:03]} 35. Qd2 {[%clk 0:28:14]} Qxc3
{[%clk 0:16:00]} 36. Qd6 {[%clk 0:28:26]} 1-0